Minḥat Shemuʼel ... (Record no. 33857)

MARC details
000 -LEADER
fixed length control field 01483cam a22002891 4500
001 - CONTROL NUMBER
control field he 68003336
003 - CONTROL NUMBER IDENTIFIER
control field DLC
005 - DATE AND TIME OF LATEST TRANSACTION
control field 20260227111505.0
008 - FIXED-LENGTH DATA ELEMENTS--GENERAL INFORMATION
fixed length control field 880725s1968 is 000 0 heb
010 ## - LIBRARY OF CONGRESS CONTROL NUMBER
LC control number he 68003336
035 ## - SYSTEM CONTROL NUMBER
System control number (OCoLC)18264719
040 ## - CATALOGING SOURCE
Original cataloging agency DLC
Transcribing agency CU
Modifying agency CU
-- DLC
042 ## - AUTHENTICATION CODE
Authentication code premarc
050 00 - LIBRARY OF CONGRESS CALL NUMBER
Classification number BM506.B63
Item number A33
100 0# - MAIN ENTRY--PERSONAL NAME
Personal name Shemuʼel ben Yehoshuʻa Zelig,
Titles and words associated with a name mi-Dolhinoṿ,
Dates associated with a name -1858.
245 10 - TITLE STATEMENT
Title Minḥat Shemuʼel ...
Remainder of title ʻal masekhet Berakhot
Statement of responsibility, etc. [ʻaśiti Shemuʼel BAA. Yehoshuaʻ ha-mekhuneh Zelig mi-Dalhinaṿ] u-vet Natan [shinui nusḥaʼot be-masekhet Berakhot me-Talmud Bavli, ʻal pi KY. Ḳadmon. Ṿe-hosafti ʻalaṿ nofekh mishle le-haʻir ʻal kol ha-devarim ha-temuhim. Uve-sofo pisḳe Rabenu Yeshaʻyahu mi-Ṭrani ha-rishon ʻal masekhet zo. ha-Meʼasef ṿeha-meʼir Naḥman Natan Ḳoronel]
260 ## - PUBLICATION, DISTRIBUTION, ETC.
Place of publication, distribution, etc. [Yerushalayim,
Name of publisher, distributor, etc. le-haśig: A. ṿe-Z. Shapira,
Date of publication, distribution, etc. 1968]
300 ## - PHYSICAL DESCRIPTION
Extent 3 v. in 1 (100 p., 40 l.)
Dimensions 31 cm.
500 ## - GENERAL NOTE
General note Cover title.
500 ## - GENERAL NOTE
General note Each v. has special t. p. including original imprints: v. 1-2, Ṿilna, bi-defus Man; ṿe-R. Śimḥah Zimel, 602 [1841 or 2]; v. 3, Wien, Gedruckt bei A. della Torre, 1854.
500 ## - GENERAL NOTE
General note Vol. 3 has added t. p. in Latin.
630 00 - SUBJECT ADDED ENTRY--UNIFORM TITLE
Uniform title Talmud.
Name of part/section of a work Berakhot
General subdivision Commentaries.
630 00 - SUBJECT ADDED ENTRY--UNIFORM TITLE
Uniform title Talmud.
Name of part/section of a work Berakhot
General subdivision Criticism, Textual.
700 0# - ADDED ENTRY--PERSONAL NAME
Personal name Isaiah ben Mali,
Titles and other words associated with a name di Trani,
Dates associated with a name approximately 1200-
700 1# - ADDED ENTRY--PERSONAL NAME
Personal name Coronel, Naḥman Nathan,
Dates associated with a name 1810-1890.
Title of a work Bet Natan.
740 0# - ADDED ENTRY--UNCONTROLLED RELATED/ANALYTICAL TITLE
Uncontrolled related/analytical title Bet Natan.

No items available.

Powered by Koha